000 00772nam a22002177a 4500
003 DO-SdBNP
005 20250306140647.0
007 ta
008 220926e1991 ||| |||e |||| 000 0 spa d
040 _aDO-SdBNP
_bspa
_cBNPHU
082 4 _222
_a305.42
_bU588c
110 1 0 _aUniversidad Autónoma de Santo Domingo. Retoría
_982434
240 1 _aHomenaje a las hermanas mirabal
245 1 0 _aCátegra extracurricular:
_bestudios sobre la mujer : Homenaje a las Hermanas Mirabal /
_cUniversidad Autónoma de Santo Domingo
260 _aSanto Domingo :
_bUniversitaria,
_c1991.
300 _a1
_c22 cm
_fp.;
590 _aInventariado, 2022 / SA
610 1 0 _aUniversidad Autónoma de Santo Domingo
_xHomenaje
_vPrograma
_972951
650 4 _915752
_aPrograma
942 _2ddc
_cLF2
999 _c52466
_d52466